Paroles de Lego Ninjago 1-9 - Statistiques

Statistiques générales
  • Ce quiz a été pris 110 fois
  • Le résultat moyen est 8 sur 10
Statistiques - réponses
Question Réponse % Correct
La où j'ai grandi, il y a un important concours annuel où le vainqueur remporte la coupe à la lame. Mon père l'a gagné plein de fois. Cole
100%
Ramène moi la lame sacrée et je te laisserai t'en aller. Pythor
100%
Me revoilà à Ninjago ! Garmadon
89%
Vous me demandez comment vous approprier la coupe à la lame, c'est ça ? Lou
87%
Ah génial, maintenant, je suis vraiment le seul à ne pas avoir libérer mon vrai potentiel. Kai
84%
Non mais il est pire que Senseï Wu. Jay
82%
Non, j'ai vraiment des papillons dans le ventre. Zane
82%
J'ai tout vu, mon fils. J'ai tout vu. Lou
79%
Les monstres rochers, mais quel est cet endroit ? On ne trouve pas de ces bêtes dans le monde de Ninjago. Wu
76%
On dirait qu'on n'est pas les seuls à vouloir la coupe à la lame. Pythor est ici. Kai
53%
Aucun quiz correspondant
Distribution des résultats
% des personnes avec chaque résultat
Percentile par nombre de réponses
Votre historique - résultats
Vous n’avez pas pris ce quiz